000
00294nam a22001217a 4500
082
_a
001
_b
FEP/P
100
_a
BERRY, DICK
245
_a
PLANTS
_b
THE CHILDREN'S TREASURY OF KNOWLEDGE
260
_a
HONGKONG
_b
KODANSHA LTD
_c
1988
300
_a
111
650
_a
GENERAL KNOWLEDGE
_z
CHINA
942
_c
BK
999
_c
1914
_d
1914